000 00544nam a2200181Ia 4500
003 GCL
008 140319s9999 xx 000 0 ara d
040 _aGCL /
_cGCL
082 0 4 _a814.02
_bا م
100 1 _aالحريرى , ابى قاسم بن على
245 1 0 _aمقامات الحريرى /
_cالحريرى , ابى قاسم بن على
260 _a[S.N] :
_bدار الصادر ،
_c1992
300 _a461 ص
490 _a
650 0 4 _aالادب العربى
650 0 4 _aالمقامات العربية
942 _2ddc
_cBK
999 _c31391
_d31391